[Event "15th ETC"]
[Site "Gothenburg SWE"]
[Date "2005.08.01"]
[Round "3"]
[White "Lehner,O"]
[Black "Haznedaroglu,K"]
[Result "1-0"]
[WhiteElo "2428"]
[BlackElo "2430"]
[EventDate "2005.07.30"]

1. e4 e5 2. Nf3 Nc6 3. Bb5 a6 4. Ba4 Nf6 5. O-O Be7 6. Re1 b5 7. Bb3 d6 8.
c3 O-O 9. d4 Bg4 10. Be3 exd4 11. cxd4 d5 12. e5 Ne4 13. h3 Bh5 14. Nc3
Nxc3 15. bxc3 Qd7 16. Bc2 Nd8 17. a4 Ne6 18. Bf5 Qc6 19. g4 Bg6 20. axb5
axb5 21. Qb3 Rfb8 22. Reb1 Qb7 23. Kg2 c6 24. Qc2 Rxa1 25. Rxa1 Ra8 26.
Rxa8+ Qxa8 27. h4 Qa4 28. Qb1 Bf8 29. h5 Bxf5 30. gxf5 Nc5 31. e6 fxe6 32.
Nd2 Nb7 33. fxe6 Qa8 34. Qf5 Qe8 35. Nf3 Nd6 36. Qg4 Ne4 37. Ne5 Nxc3 38.
Nd7 Be7 39. Bh6 g6 40. f3 b4 41. Qg3 Bd8 42. Qe5 Qe7 43. f4 b3 44. Bf8 Bc7
45. Qe1 b2 46. Bxe7 b1=Q 47. Nf6+ Kh8 48. Qxb1 Nxb1 49. h6 1-0

[Event "15th ETC"]
[Site "Gothenburg SWE"]
[Date "2005.08.01"]
[Round "3"]
[White "Erdogdu,M"]
[Black "Lendwai,R"]
[Result "0-1"]
[WhiteElo "2403"]
[BlackElo "2416"]
[EventDate "2005.07.30"]

1. e4 c6 2. d4 d5 3. e5 Bf5 4. Be3 e6 5. Nd2 Ne7 6. f4 Qb6 7. Nb3 a5 8. a4
Na6 9. c3 Be4 10. Nf3 Bxf3 11. gxf3 Nf5 12. Bf2 Be7 13. Bd3 g6 14. Bxf5
exf5 15. Qc2 Nc7 16. Nc5 Bxc5 17. dxc5 Qa6 18. Qe2 Ne6 19. Be3 O-O 20. Qxa6
bxa6 21. O-O-O Rab8 22. Kc2 Rb7 23. b3 Rfb8 24. Rb1 f6 25. exf6 Kf7 26. Bd4
Re8 27. Rhe1 Nxf4 28. Rxe8 Kxe8 29. b4 Ne6 30. b5 axb5 31. axb5 cxb5 32. c6
Nxd4+ 33. cxd4 Rb6 34. Rxb5 Rxc6+ 35. Kb3 Rxf6 36. Rxd5 Rb6+ 37. Kc4 Rb4+
38. Kc5 Ke7 39. Re5+ Kd7 40. Re3 Rb8 41. Ra3 Ra8 42. Ra4 Ke6 43. d5+ Kd7
44. Kb6 Kd6 45. Kb7 Re8 46. Rxa5 Re3 0-1

[Event "15th ETC"]
[Site "Gothenburg SWE"]
[Date "2005.08.01"]
[Round "3"]
[White "Danner,G"]
[Black "Esen,B"]
[Result "1/2-1/2"]
[WhiteElo "2408"]
[BlackElo "2301"]
[EventDate "2005.07.30"]

1. d4 d5 2. Nf3 Nf6 3. c4 c6 4. e3 e6 5. Nbd2 c5 6. b3 Nc6 7. Bb2 Be7 8.
cxd5 exd5 9. dxc5 Bxc5 10. Bb5 Bd7 11. Rc1 Be7 12. Nd4 Ne5 13. Qe2 O-O 14.
Bxd7 Qxd7 15. O-O Rac8 16. N2f3 Bd6 17. Nxe5 Bxe5 18. Nf3 Bxb2 19. Qxb2
Rxc1 20. Rxc1 Rc8 21. Nd4 Ne4 22. f3 Nd6 23. Kf2 f6 24. g4 Kf7 25. h4 Rc7
26. Ne2 Nc8 27. Rd1 Ne7 28. Qd4 Rc2 29. Rd2 Rxd2 30. Qxd2 Qc7 31. f4 Qc8
32. Kg3 h5 33. gxh5 Qf5 34. Nd4 Qxh5 35. Qc2 g5 36. fxg5 fxg5 37. Qf2+ Ke8
38. Qh2 gxh4+ 39. Qxh4 Qg6+ 40. Kf3 Qb1 41. Qh8+ Kd7 42. Qh3+ Ke8 43. Qh2
Qf1+ 44. Kg4 Qa6 45. Qh5+ Kd7 46. a4 Qf6 47. Qg5 Qf2 48. Nf3 Qg2+ 49. Kf4
Qxg5+ 50. Nxg5 Nc6 51. e4 Kd6 52. Nf7+ Ke6 53. Ng5+ Kd6 54. Nf7+ Ke6 55.
Ng5+ Kd6 56. Nf7+ 1/2-1/2

[Event "15th ETC"]
[Site "Gothenburg SWE"]
[Date "2005.08.01"]
[Round "3"]
[White "Atakisi,U"]
[Black "Neubauer,M"]
[Result "0-1"]
[WhiteElo "2437"]
[BlackElo "2468"]
[EventDate "2005.07.30"]

1. e4 e5 2. Nf3 Nc6 3. Bb5 Nf6 4. d3 d6 5. c3 g6 6. Nbd2 Bg7 7. O-O O-O 8.
Re1 Nd7 9. Nf1 Nb6 10. h3 a6 11. Bxc6 bxc6 12. d4 Nd7 13. Bg5 Qe8 14. Qd2
Rb8 15. b3 c5 16. Bh6 Bb7 17. Ng3 Qe7 18. Nh2 exd4 19. Bxg7 Kxg7 20. cxd4
cxd4 21. Ng4 c5 22. Nf5+ gxf5 23. Qh6+ Kh8 24. exf5 Qd8 25. Re7 Qxe7 26. f6
Nxf6 27. Nxf6 Be4 28. Re1 Rfe8 29. Nxh7 Bxh7 30. Rxe7 Rxe7 31. Qf6+ Kg8 32.
Qxe7 d3 33. f4 c4 34. Qxd6 Re8 35. bxc4 Re2 36. Qd8+ Kg7 37. Qd4+ Kg8 38.
Qd8+ Kg7 39. Qd4+ Kg8 40. f5 Bxf5 41. Kh2 d2 42. Kg3 Re3+ 43. Qxe3 d1=Q 44.
Kf4 Be6 45. Ke5 Qa1+ 46. Qd4 Qe1+ 47. Kf6 Qf1+ 48. Ke5 Qxc4 49. a3 Qe2+ 50.
Qe4 Qb2+ 51. Qd4 Qxa3 0-1

[Event "15th ETC"]
[Site "Gothenburg SWE"]
[Date "2005.08.02"]
[Round "4"]
[White "Fressinet,L"]
[Black "Graf,A"]
[Result "1-0"]
[WhiteElo "2627"]
[BlackElo "2605"]
[EventDate "2005.07.30"]

1. e4 e5 2. Nf3 Nc6 3. Bb5 a6 4. Ba4 Nf6 5. O-O Be7 6. Re1 b5 7. Bb3 d6 8.
c3 O-O 9. h3 Nb8 10. d4 Nbd7 11. Nbd2 Bb7 12. Bc2 Re8 13. Nf1 Bf8 14. Ng3
g6 15. a4 c5 16. d5 c4 17. Bg5 Bg7 18. Qd2 Qe7 19. Ra3 Nc5 20. Rea1 Qc7 21.
Nh2 h5 22. Rf1 Nh7 23. Be3 Qe7 24. Raa1 Nf6 25. f3 Nfd7 26. Bg5 Bf6 27. Be3
Nb6 28. a5 Nbd7 29. Nh1 Nf8 30. Rae1 Bc8 31. f4 exf4 32. Bxf4 Nfd7 33. Nf3
Ne5 34. Nxe5 Bxe5 35. Ng3 Ra7 36. Ne2 Bxf4 37. Qxf4 Nd7 38. Nd4 Ne5 39. Rf2
Qd8 40. Qh6 Qe7 41. Ref1 Qh4 42. Nc6 Nxc6 43. Rxf7 Rxf7 44. Qxg6+ Rg7 45.
Qxe8+ Kh7 46. e5+ 1-0

[Event "15th ETC"]
[Site "Gothenburg SWE"]
[Date "2005.08.02"]
[Round "4"]
[White "Dautov,R"]
[Black "Bauer,Ch"]
[Result "1/2-1/2"]
[WhiteElo "2595"]
[BlackElo "2641"]
[EventDate "2005.07.30"]

1. d4 b6 2. e4 Bb7 3. Bd3 Nf6 4. Qe2 e6 5. Nf3 d5 6. e5 Nfd7 7. c3 c5 8.
O-O Be7 9. Be3 Nc6 10. a3 c4 11. Bc2 b5 12. Nbd2 a5 13. Ne1 h5 14. f4 g6
15. Nef3 b4 16. Ng5 Bxg5 17. fxg5 b3 18. Bd1 Nb6 19. Qf2 Qe7 20. g4 hxg4
21. Bxg4 Na4 22. Rab1 Rh7 23. Qf6 Kd7 24. Rf2 Rah8 25. Nf1 Na7 26. Qf3 Nb5
27. Bc1 Kc7 28. Ng3 Kb8 29. Ra1 Bc6 30. h3 Ka8 31. Kh2 Rb8 32. Ne2 Qd7 33.
Rb1 Nb6 34. Bd2 Na4 35. Bc1 Nb6 36. Ng3 Nc8 37. Qe3 Ne7 38. Bf3 Nc7 39. Bg2
Nf5 40. Qe2 Rbh8 41. Bf4 Nh4 42. Rh1 Ne8 43. Nf1 Nf5 44. Kg1 Neg7 45. Nh2
Rh4 46. Ng4 Nh5 47. Qd2 Qd8 48. Nf6 Bb7 49. Rh2 Bc6 50. Bf1 Nxf6 51. exf6
Nd6 52. Bg2 Ne4 53. Bxe4 dxe4 54. Qe3 Qd5 55. Be5 Kb7 56. Rfg2 Qd8 57. Rg3
Qd5 58. Rf2 Ka6 59. Kh2 R8h7 60. Kg1 Rh8 61. Rh2 Kb7 62. Rg4 Rxg4+ 63. hxg4
Rxh2 64. Kxh2 Ka6 65. Kg3 a4 66. Kf2 Bb7 67. Kg3 Bc6 68. Kg2 Bb7 69. Kf2
Bc6 1/2-1/2

[Event "15th ETC"]
[Site "Gothenburg SWE"]
[Date "2005.08.02"]
[Round "4"]
[White "Bacrot,E"]
[Black "Lutz,C"]
[Result "1/2-1/2"]
[WhiteElo "2729"]
[BlackElo "2616"]
[EventDate "2005.07.30"]

1. d4 Nf6 2. c4 e6 3. Nf3 b6 4. g3 Ba6 5. b3 Bb4+ 6. Bd2 Be7 7. Bg2 c6 8.
Bc3 d5 9. Ne5 Nfd7 10. Nxd7 Nxd7 11. Nd2 O-O 12. O-O Rc8 13. e4 c5 14. exd5
exd5 15. dxc5 dxc4 16. c6 cxb3 17. Re1 b2 18. Bxb2 Nc5 19. Nc4 Bxc4 20. Qg4
Bg5 21. Qxc4 Nd3 22. Be5 Nxe1 23. Rxe1 Bf6 24. Bxf6 Qxf6 25. c7 Qd6 26. Rc1
b5 27. Qc2 g6 28. Bb7 b4 29. Qc5 Qxc5 30. Rxc5 Rfe8 31. Kf1 Kf8 32. Bxc8
Rxc8 33. Ke2 Ke7 34. Kd3 Kd6 35. Kc4 Rxc7 36. Rxc7 Kxc7 37. Kxb4 Kb6 38. f4
f5 39. h3 h6 40. Kc4 Kc6 41. a3 a6 42. Kd4 Kd6 43. a4 a5 44. Kc4 Kc6 45. h4
h5 1/2-1/2

[Event "15th ETC"]
[Site "Gothenburg SWE"]
[Date "2005.08.02"]
[Round "4"]
[White "Erenburg,S"]
[Black "Hug,W"]
[Result "1/2-1/2"]
[WhiteElo "2595"]
[BlackElo "2445"]
[EventDate "2005.07.30"]

1. e4 e6 2. d4 d5 3. Nd2 c5 4. Ngf3 cxd4 5. Nxd4 Nc6 6. Bb5 Bd7 7. Nxc6
Bxc6 8. Bxc6+ bxc6 9. c4 dxe4 10. Qa4 f5 11. Qxc6+ Kf7 12. O-O Nf6 13. Nb3
Bd6 14. h3 Rc8 15. Qb7+ Qc7 1/2-1/2

[Event "15th ETC"]
[Site "Gothenburg SWE"]
[Date "2005.08.02"]
[Round "4"]
[White "Van Wely,L"]
[Black "Akopian,Vl"]
[Result "1-0"]
[WhiteElo "2655"]
[BlackElo "2705"]
[EventDate "2005.07.30"]

1. d4 Nf6 2. c4 e6 3. Nc3 Bb4 4. Qc2 c5 5. dxc5 Qc7 6. Nf3 Bxc5 7. g3 Qb6
8. e3 Be7 9. Bg2 a6 10. b3 Qc7 11. Nd4 O-O 12. O-O d6 13. Bb2 Ra7 14. Qe2
b6 15. f4 Bb7 16. g4 Bxg2 17. Qxg2 Qb7 18. g5 Qxg2+ 19. Kxg2 Nfd7 20. h4
Re8 21. Rfd1 Rc7 22. Rd2 Nc6 23. Nde2 f5 24. e4 Rf8 25. exf5 Rxf5 26. Ne4
e5 27. Nxd6 Bxd6 28. Rxd6 exf4 29. Rf1 Ne7 30. Nxf4 Rb7 31. Nd5 Nxd5 32.
cxd5 Rxf1 33. Kxf1 a5 34. h5 b5 35. Ke2 Kf8 36. Bd4 b4 37. Kd3 Ke7 38. Ra6
Kf7 39. Kc4 Rc7+ 40. Rc6 Rb7 41. g6+ hxg6 42. hxg6+ Ke8 43. d6 Kd8 44. Ra6
1-0

[Event "15th ETC"]
[Site "Gothenburg SWE"]
[Date "2005.08.02"]
[Round "4"]
[White "Navara,D"]
[Black "Agrest,E"]
[Result "1/2-1/2"]
[WhiteElo "2663"]
[BlackElo "2592"]
[EventDate "2005.07.30"]

1. d4 Nf6 2. c4 e6 3. Nc3 Bb4 4. Qc2 d6 5. Nf3 O-O 6. g3 e5 7. Bg2 Nc6 8.
d5 Ne7 9. O-O Bf5 10. e4 Bd7 11. Ne1 Bc5 12. Nd3 Bb6 13. b4 a5 14. Ba3 axb4
15. Bxb4 c5 16. dxc6 Bxc6 17. Rab1 Bd4 18. Nb5 Bxb5 19. cxb5 Qd7 20. a4
Rfc8 21. Qb3 h5 22. Rfd1 Ng6 23. Ne1 d5 24. exd5 Ng4 25. Rxd4 exd4 26. Nf3
d3 27. d6 Rc2 28. Qxd3 Ra2 29. Bc5 R8xa4 30. h3 Nf6 31. Nd4 Ra1 32. Rxa1
Rxa1+ 33. Kh2 Ne5 34. Qe2 Nfg4+ 35. hxg4 Nxg4+ 36. Kh3 Nxf2+ 37. Kh2 Ng4+
38. Kh3 Nf2+ 39. Kh2 1/2-1/2

[Event "15th ETC"]
[Site "Gothenburg SWE"]
[Date "2005.08.02"]
[Round "4"]
[White "Hector,J"]
[Black "Stocek,J"]
[Result "0-1"]
[WhiteElo "2534"]
[BlackElo "2592"]
[EventDate "2005.07.30"]

1. e4 c5 2. Nf3 d6 3. d4 cxd4 4. Nxd4 Nf6 5. Nc3 e6 6. g4 h6 7. h4 Nc6 8.
Rg1 d5 9. Nxc6 bxc6 10. g5 hxg5 11. hxg5 Nd7 12. exd5 cxd5 13. Be3 Rb8 14.
Qd4 Rxb2 15. Nxd5 Rxc2 16. Qa4 Rb2 17. O-O-O Rb7 18. Nc3 Qc7 19. Kc2 Bb4
20. Rd3 Rh4 21. f4 Bc5 22. Rd4 Bxd4 23. Qxd4 Qb6 24. Qxb6 axb6 25. Nb5 Ke7
26. a4 Rb8 27. Bc4 Bb7 28. Re1 Rc8 29. Kb3 Nc5+ 30. Kb4 Nxa4 31. g6 Nb2 32.
Bf1 Bg2 33. Be2 Bf3 34. Bf1 Nd1 35. Bd2 Rh2 36. Nd4 Rxd2 0-1

[Event "15th ETC"]
[Site "Gothenburg SWE"]
[Date "2005.08.02"]
[Round "4"]
[White "Berg,E"]
[Black "Hracek,Z"]
[Result "1/2-1/2"]
[WhiteElo "2539"]
[BlackElo "2591"]
[EventDate "2005.07.30"]

1. e4 c5 2. Nf3 d6 3. d4 cxd4 4. Nxd4 Nf6 5. Nc3 e6 6. g4 h6 7. g5 hxg5 8.
Bxg5 Nc6 9. Qd2 Qb6 10. Nb3 a6 11. O-O-O Bd7 12. f4 O-O-O 13. Bg2 Be7 14.
Kb1 Ne8 15. Nd5 exd5 16. exd5 f6 17. dxc6 Bxc6 18. Bxc6 Qxc6 19. Qe1 fxg5
20. Qxe7 gxf4 21. Nd4 Qg2 22. Qf7 g5 23. Ne6 Rd7 24. Qf5 Qh3 25. Qe4 Nf6
26. Qc4+ Kb8 27. Nxg5 Qf5 28. h4 Ng4 29. Rd5 Ne5 30. Qe4 Qxe4 31. Nxe4 Rdh7
32. Nxd6 Rxh4 33. Rf1 Ng4 34. Nf5 Rh1 35. Rdd1 Rxf1 36. Rxf1 f3 37. Kc1 f2
38. Ng3 Rh3 39. Ne4 Re3 40. Nxf2 Rf3 41. Nxg4 Rxf1+ 42. Kd2 Kc7 43. Ne5 Kd6
44. Nd3 Kd5 45. Kc3 Rf3 46. a4 Rg3 47. b3 a5 48. Kb2 Kd4 49. Nf4 Re3 50.
Nd3 Re7 51. Nf4 Re8 52. Nd3 Rc8 53. Kc1 Kc3 54. Nf2 Re8 55. Nd1+ Kd4 56.
Kb2 Rc8 57. Kc1 Ke4 58. Kb2 Kf3 59. Nc3 Ke3 60. Nb5 Rc6 61. Na3 Kd4 62.
Nb5+ 1/2-1/2

[Event "15th ETC"]
[Site "Gothenburg SWE"]
[Date "2005.08.02"]
[Round "4"]
[White "Markowski,T"]
[Black "Stevic,H"]
[Result "1-0"]
[WhiteElo "2564"]
[BlackElo "2528"]
[EventDate "2005.07.30"]

1. Nf3 Nf6 2. c4 g6 3. g3 Bg7 4. Bg2 d6 5. d4 O-O 6. O-O c6 7. Nc3 Bf5 8.
b3 Ne4 9. Bb2 Nxc3 10. Bxc3 Be4 11. Qd2 d5 12. Qe3 Nd7 13. Bh3 Bxf3 14.
Qxf3 e6 15. Rfd1 f5 16. Rac1 Re8 17. e3 a5 18. Bf1 Bf8 19. Qe2 Ba3 20. Rc2
Qe7 21. Rb1 Rec8 22. Qe1 b6 23. Bb2 Bxb2 24. Rbxb2 Nf6 25. Rb1 Rc7 26. Rbc1
Raa7 27. Bd3 Kg7 28. Qc3 c5 29. Qb2 Qd6 30. cxd5 exd5 31. Qa3 Qe7 32. dxc5
Kh6 33. b4 axb4 34. Qxb4 bxc5 35. Rxc5 Rxc5 36. Rxc5 Rxa2 37. Qf4+ g5 38.
Qxf5 Qd6 39. Rc8 Ra7 40. Bb5 Rf7 41. Rc6 Qd8 42. Bd3 Kg7 43. Rc8 Ne4 44.
Qxf7+ 1-0

[Event "15th ETC"]
[Site "Gothenburg SWE"]
[Date "2005.08.02"]
[Round "4"]
[White "Kozul,Z"]
[Black "Socko,B"]
[Result "1/2-1/2"]
[WhiteElo "2585"]
[BlackElo "2615"]
[EventDate "2005.07.30"]

1. d4 d5 2. c4 dxc4 3. Nf3 Nf6 4. e3 e6 5. Bxc4 c5 6. O-O a6 7. dxc5 Bxc5
8. Qxd8+ Kxd8 9. Be2 Ke7 10. b3 b6 11. Ne5 Bb7 12. Bb2 Rd8 13. Nd3 Bd6 14.
Nd2 Nc6 15. Nc4 Bc7 16. Rfd1 g5 17. Bf3 Rac8 18. a4 Ba8 19. h3 a5 20. Bxf6+
Kxf6 21. Kf1 Na7 22. Bxa8 Rxa8 23. Ke2 Rd5 24. Rac1 b5 25. Nd2 Bd8 26. Ne4+
Kg7 27. Ndc5 Be7 28. Nb7 bxa4 29. bxa4 Rxd1 30. Rxd1 Nc8 31. Rd7 Kf8 32.
Nbc5 Ke8 33. Rb7 Ra7 34. Rb5 h6 35. g4 Kd8 36. Nb3 Kc7 37. Rxa5 Rxa5 38.
Nxa5 Nb6 39. Kd3 Nxa4 40. Nc4 Kd7 41. f4 gxf4 42. exf4 Ke8 43. f5 Nc5+ 44.
Nxc5 Bxc5 45. fxe6 1/2-1/2

[Event "15th ETC"]
[Site "Gothenburg SWE"]
[Date "2005.08.02"]
[Round "4"]
[White "Olsson,An"]
[Black "Spasov,V"]
[Result "1/2-1/2"]
[WhiteElo "2416"]
[BlackElo "2551"]
[EventDate "2005.07.30"]

1. e4 c5 2. Nf3 Nc6 3. d4 cxd4 4. Nxd4 Nf6 5. Nc3 e5 6. Ndb5 d6 7. Bg5 a6
8. Na3 b5 9. Bxf6 gxf6 10. Nd5 f5 11. c3 Bg7 12. exf5 Bxf5 13. Nc2 O-O 14.
Nce3 Be6 15. Bd3 f5 16. Bc2 Kh8 17. Qh5 e4 18. Rd1 Ne7 19. O-O Bf7 20. Qh3
Nxd5 21. Nxd5 Qg5 22. Kh1 Rae8 23. f4 exf3 24. gxf3 Re2 25. Bxf5 Qh6 26.
Qxh6 Bxh6 27. Rg1 Rxb2 28. Rg2 Rxg2 29. Kxg2 Bg7 30. Be4 Be5 31. a4 bxa4
32. Ra1 Be8 33. Ra3 Bb5 34. c4 Bxc4 35. Rxa4 Bb5 36. Ra3 Rg8+ 37. Kh3 Bd4
38. f4 Rg1 39. Bd3 Bc5 40. Rb3 Bxd3 41. Rxd3 a5 42. Nc3 Re1 43. Na4 Re3+
44. Rxe3 Bxe3 45. Kg4 Kg7 46. Kf5 Kf7 47. Ke4 Bc5 48. Kf5 Ke7 49. h3 Bf2
50. Nc3 Kd7 51. Ke4 Kc6 52. f5 Bh4 53. Nd5 Bg5 54. Kd4 Kb5 55. f6 a4 56.
Nc3+ Kb4 57. Nxa4 Kxa4 58. Kd5 Bxf6 59. Kxd6 Kb4 60. Ke6 Bd8 61. Kf5 Kc3
62. Kg4 Kd2 63. Kh5 1/2-1/2

[Event "15th ETC"]
[Site "Gothenburg SWE"]
[Date "2005.08.02"]
[Round "4"]
[White "Cheparinov,I"]
[Black "Karlsson,L"]
[Result "1/2-1/2"]
[WhiteElo "2634"]
[BlackElo "2472"]
[EventDate "2005.07.30"]

1. e4 e6 2. d4 d5 3. Nc3 Bb4 4. e5 Bf8 5. Nf3 b6 6. h4 Qd7 7. h5 h6 8. Bf4
Ba6 9. Bxa6 Nxa6 10. a4 c6 11. O-O Nc7 12. a5 Ne7 13. axb6 axb6 14. Qd3
Rxa1 15. Rxa1 Nc8 16. Na4 c5 17. dxc5 bxc5 18. b3 Be7 19. Nh2 O-O 20. Ng4
Ne8 21. c4 f5 22. exf6 Nxf6 23. Qg6 Nxg4 24. Qxg4 dxc4 25. Be5 Bd6 26. Bxd6
Nxd6 27. Nxc5 Qf7 28. Qxe6 cxb3 29. Qxf7+ Rxf7 30. Nxb3 Rf5 31. Ra5 Rxa5
32. Nxa5 Ne4 33. g4 Nf6 34. f3 g6 35. hxg6 Kg7 36. Nc6 Kxg6 37. Ne5+ Kg5
38. Nf7+ Kf4 39. Nxh6 Nxg4 40. fxg4 Kg5 41. Kg2 Kxh6 1/2-1/2

[Event "15th ETC"]
[Site "Gothenburg SWE"]
[Date "2005.08.02"]
[Round "4"]
[White "Bojkov,D"]
[Black "Carlsson,P"]
[Result "0-1"]
[WhiteElo "2522"]
[BlackElo "2394"]
[EventDate "2005.07.30"]

1. e4 c5 2. c3 d5 3. exd5 Qxd5 4. d4 g6 5. Nf3 Bg7 6. Na3 Nf6 7. Bc4 Qe4+
8. Be3 O-O 9. dxc5 Ng4 10. Bd5 Nxe3 11. Bxe4 Nxd1 12. Rxd1 Na6 13. c6 bxc6
14. Nd4 Rb8 15. Nc4 Nc5 16. Nxc6 Ba6 17. Bd5 e6 18. Nxb8 Rxb8 19. Bxe6 fxe6
20. b3 Bxc3+ 21. Ke2 Bxc4+ 22. bxc4 Rb2+ 23. Kf3 e5 24. Rd5 Bd4 25. Rd1
Rxf2+ 26. Kg4 Rf4+ 27. Kh3 Ne4 28. Rd8+ Kg7 29. g3 Ng5+ 30. Kg2 Rf2+ 31.
Kh1 Nf3 0-1

[Event "15th ETC"]
[Site "Gothenburg SWE"]
[Date "2005.08.02"]
[Round "4"]
[White "Solak,D"]
[Black "Wells,P"]
[Result "1-0"]
[WhiteElo "2557"]
[BlackElo "2529"]
[EventDate "2005.07.30"]

1. e4 c5 2. Nf3 Nc6 3. d4 cxd4 4. Nxd4 Nf6 5. Nc3 d6 6. Bg5 e6 7. Qd2 Be7
8. O-O-O O-O 9. f4 Nxd4 10. Qxd4 Qa5 11. Kb1 h6 12. h4 Rd8 13. Bd3 Bd7 14.
e5 dxe5 15. fxe5 Bc6 16. Qf4 Nh5 17. Qg4 Rxd3 18. cxd3 hxg5 19. Qxh5 g6 20.
Qe2 gxh4 21. d4 Rd8 22. Rh3 Qb4 23. Qg4 Kg7 24. g3 hxg3 25. Qf4 g5 26. Rxg3
Rh8 27. Rf1 Be8 28. Ne4 Kf8 29. Nxg5 Bxg5 30. Rxg5 Rh3 31. Rfg1 Rd3 32. Qf6
1-0

[Event "15th ETC"]
[Site "Gothenburg SWE"]
[Date "2005.08.02"]
[Round "4"]
[White "Gormally,D"]
[Black "Ivanisevic,I"]
[Result "1/2-1/2"]
[WhiteElo "2557"]
[BlackElo "2577"]
[EventDate "2005.07.30"]

1. d4 d5 2. c4 Nc6 3. cxd5 Qxd5 4. e3 e5 5. Nc3 Bb4 6. Bd2 Bxc3 7. bxc3 Nf6
8. Ne2 Ne4 9. Ng3 Nxd2 10. Qxd2 O-O 11. c4 Qd6 12. d5 Nb4 13. Ne4 Qg6 14.
f3 Na6 15. Bd3 f5 16. Ng3 Bd7 17. O-O Rae8 18. f4 Nc5 19. fxe5 Rxe5 20. Bc2
Qd6 21. Rf3 g6 22. Raf1 Rfe8 23. Qd4 Qe7 24. e4 Nxe4 25. Bxe4 fxe4 26. Rf7
Qxf7 27. Rxf7 Kxf7 28. Qc5 e3 29. Qxc7 e2 30. Nxe2 Rxe2 31. Qxd7+ R8e7 32.
Qg4 Rxa2 33. h4 Ree2 34. Qf4+ Ke7 1/2-1/2

[Event "15th ETC"]
[Site "Gothenburg SWE"]
[Date "2005.08.02"]
[Round "4"]
[White "Olsson,L"]
[Black "Kuzubov,Y"]
[Result "0-1"]
[WhiteElo "2352"]
[BlackElo "2535"]
[EventDate "2005.07.30"]

1. d4 Nf6 2. c4 e6 3. g3 d5 4. Bg2 c5 5. cxd5 Nxd5 6. Nf3 Nc6 7. O-O Be7 8.
Nc3 Nxc3 9. bxc3 O-O 10. Rb1 Qa5 11. Qb3 Qa6 12. e4 Na5 13. Qb5 Qxb5 14.
Rxb5 b6 15. Rd1 Bd7 16. Rb2 cxd4 17. cxd4 Rac8 18. Bf4 Ba3 19. Re2 Bb5 20.
Ree1 Nc4 21. Ne5 Nxe5 22. Bxe5 Ba4 23. Rd3 Bb4 24. Ra1 Bc2 25. Re3 f6 26.
a3 fxe5 27. axb4 exd4 28. Re2 Rf7 29. Bh3 d3 30. Rd2 Re7 31. Rxa7 Rxa7 32.
Bxe6+ Kf8 33. Bxc8 Ra1+ 34. Kg2 Rd1 35. Rxd1 Bxd1 36. Ba6 d2 37. Kf1 Bc2
38. Be2 Bd3 0-1

[Event "15th ETC"]
[Site "Gothenburg SWE"]
[Date "2005.08.02"]
[Round "4"]
[White "Ivanchuk,V"]
[Black "Brynell,S"]
[Result "1-0"]
[WhiteElo "2752"]
[BlackElo "2484"]
[EventDate "2005.07.30"]

1. e4 e6 2. d4 d5 3. Nc3 Bb4 4. e5 c5 5. a3 Bxc3+ 6. bxc3 Ne7 7. Qg4 O-O 8.
Bd3 f5 9. exf6 Rxf6 10. Bg5 Rf7 11. Qh5 g6 12. Qd1 Qa5 13. Bd2 Nbc6 14. Nf3
Qc7 15. dxc5 e5 16. Be2 Qa5 17. c4 Qxc5 18. O-O Bf5 19. Bb4 Nxb4 20. axb4
Qxb4 21. Nxe5 Rff8 22. cxd5 Qc3 23. Bc4 Bxc2 24. Qe1 Qxe1 25. Rfxe1 Kg7 26.
Ra2 Bf5 27. g4 Bc8 28. d6 Nc6 29. Nxc6 bxc6 30. d7 1-0

[Event "15th ETC"]
[Site "Gothenburg SWE"]
[Date "2005.08.02"]
[Round "4"]
[White "Schandorff,L"]
[Black "Jobava,Ba"]
[Result "1/2-1/2"]
[WhiteElo "2519"]
[BlackElo "2621"]
[EventDate "2005.07.30"]

1. d4 Nf6 2. c4 e6 3. Nf3 d5 4. g3 Bb4+ 5. Bd2 Be7 6. Bg2 Nbd7 7. O-O O-O
8. Bf4 c6 9. Nc3 Nh5 10. Bc1 Nhf6 11. Bf4 Nh5 12. Bc1 Nhf6 1/2-1/2

[Event "15th ETC"]
[Site "Gothenburg SWE"]
[Date "2005.08.02"]
[Round "4"]
[White "Pantsulaia,L"]
[Black "Palo,D"]
[Result "1/2-1/2"]
[WhiteElo "2510"]
[BlackElo "2519"]
[EventDate "2005.07.30"]

1. Nf3 Nf6 2. c4 c6 3. g3 d5 4. Bg2 dxc4 5. O-O Nbd7 6. Na3 Nb6 7. Qc2 Be6
8. Ne5 g6 9. Naxc4 Nxc4 10. Nxc4 Bg7 11. b3 Bd5 12. Bb2 Bxg2 13. Kxg2 O-O
14. d3 c5 15. Rac1 Rc8 16. Rfd1 Qd5+ 17. Kg1 Rfd8 18. Ne5 Ne8 19. Nf3 e5
20. Nd2 Nd6 21. Nc4 Nb5 22. e3 b6 23. Qe2 Qe6 24. a4 Nc7 25. e4 Rd7 26. Bc3
Rcd8 27. Rb1 Na6 28. Kg2 Nb8 29. b4 cxb4 30. Bxb4 Nc6 31. Bc3 Bf8 32. a5
bxa5 33. Nxa5 Nxa5 34. Bxa5 Rc8 35. Bb4 Bxb4 36. Rxb4 Qa6 37. Qb2 Rxd3 38.
Rxd3 Qxd3 39. Qxe5 Qd7 40. Rd4 Qc7 41. Qf6 Re8 42. Ra4 Qb7 43. Qd4 a6 44.
h4 h5 45. Kh2 Qc6 46. Rc4 Qe6 47. Ra4 Qc6 48. Kg2 Qb7 49. Qd5 Qb5 50. Ra5
Qe2 51. Ra4 Qb5 52. Ra5 1/2-1/2

[Event "15th ETC"]
[Site "Gothenburg SWE"]
[Date "2005.08.02"]
[Round "4"]
[White "Hansen,SuB"]
[Black "Mchedlishvili,M"]
[Result "1/2-1/2"]
[WhiteElo "2568"]
[BlackElo "2549"]
[EventDate "2005.07.30"]

1. e4 e5 2. Nf3 Nc6 3. Bb5 a6 4. Bxc6 dxc6 5. O-O Ne7 6. Nxe5 Qd4 7. Qh5 g6
8. Nf3 Qxe4 9. Qa5 Bg4 10. Re1 Qd5 11. Qxc7 Bxf3 12. gxf3 Qxf3 13. d3 Qg4+
14. Qg3 Qxg3+ 15. hxg3 f6 16. Nd2 Kf7 17. Nb3 1/2-1/2

[Event "15th ETC"]
[Site "Gothenburg SWE"]
[Date "2005.08.02"]
[Round "4"]
[White "Azmaiparashvili,Z"]
[Black "Nielsen,PH"]
[Result "1/2-1/2"]
[WhiteElo "2672"]
[BlackElo "2668"]
[EventDate "2005.07.30"]

1. d4 d5 2. c4 c6 3. Nf3 Nf6 4. e3 e6 5. Bd3 Nbd7 6. O-O Bd6 7. Nc3 dxc4 8.
Bxc4 b5 9. Bd3 O-O 10. h3 b4 11. Ne4 Nxe4 12. Bxe4 Bb7 13. Nd2 Qc7 14. Qc2
Nf6 15. a3 Rfc8 16. Qa4 Nxe4 17. Nxe4 c5 18. Nxc5 Bxc5 19. dxc5 a5 20. Qc2
Qxc5 21. Qxc5 Rxc5 22. axb4 axb4 23. Rxa8+ Bxa8 24. Bd2 Rc2 25. Rd1 h6 26.
Bxb4 1/2-1/2

[Event "15th ETC"]
[Site "Gothenburg SWE"]
[Date "2005.08.02"]
[Round "4"]
[White "Rozentalis,E"]
[Black "Kotronias,V"]
[Result "1/2-1/2"]
[WhiteElo "2567"]
[BlackElo "2587"]
[EventDate "2005.07.30"]

1. e4 c5 2. Nf3 Nc6 3. Bb5 g6 4. O-O Bg7 5. Re1 Nf6 6. e5 Nd5 7. Nc3 Nc7 8.
Bxc6 dxc6 9. d3 h6 10. Ne4 Ne6 11. Be3 b6 12. Qd2 g5 13. h3 Rg8 14. Ng3 Bf8
15. b4 cxb4 16. Qxb4 Qc7 17. a4 c5 18. Qc4 Bb7 19. a5 b5 20. Qg4 a6 21. Ne4
Rg6 22. c3 1/2-1/2

[Event "15th ETC"]
[Site "Gothenburg SWE"]
[Date "2005.08.02"]
[Round "4"]
[White "Mastrovasilis,D"]
[Black "Sakalauskas,V"]
[Result "0-1"]
[WhiteElo "2563"]
[BlackElo "2473"]
[EventDate "2005.07.30"]

1. e4 e6 2. d4 d5 3. Nc3 Nf6 4. e5 Nfd7 5. f4 c5 6. Nf3 Qb6 7. Be3 a6 8. a3
Nc6 9. dxc5 Bxc5 10. Na4 Qa5+ 11. b4 Qxa4 12. bxc5 O-O 13. c4 Qa5+ 14. Qd2
Rd8 15. cxd5 exd5 16. Qxa5 Nxa5 17. Rb1 Nb8 18. Bd3 Nbc6 19. Kf2 Nc4 20.
Bxc4 dxc4 21. Rhc1 Na5 22. c6 Nxc6 23. Rxc4 Be6 24. Rc3 Bd5 25. Bb6 Rdc8
26. Rd1 Ne7 27. Rcd3 Be6 28. h3 g6 29. g4 h6 30. Kg3 Re8 31. a4 Rac8 32. a5
Nc6 33. Rd6 Kh7 34. R1d3 Nb4 35. R3d4 Nc2 36. Rd1 Rc3 37. R1d3 Rec8 38. Bd8
Rxd3 39. Rxd3 Nb4 40. Rd6 Rc3 41. Bf6 Nd5 42. Kf2 Nxf4 43. Nd4 Nxh3+ 44.
Ke1 Bxg4 45. Kd2 Rc7 46. e6 Bxe6 47. Rd8 g5 48. Be5 Rd7 49. Rh8+ Kg6 50.
Ke3 Nf4 51. Rg8+ Kh5 52. Nf3 f6 0-1

[Event "15th ETC"]
[Site "Gothenburg SWE"]
[Date "2005.08.02"]
[Round "4"]
[White "Banikas,H"]
[Black "Sulskis,S"]
[Result "1-0"]
[WhiteElo "2548"]
[BlackElo "2535"]
[EventDate "2005.07.30"]

1. d4 d5 2. c4 dxc4 3. e3 Nf6 4. Bxc4 e6 5. Nf3 c5 6. O-O a6 7. Bb3 cxd4 8.
exd4 Be7 9. Nc3 O-O 10. Re1 Nc6 11. a3 Nd5 12. Qd3 Nxc3 13. bxc3 Bf6 14. h4
Bxh4 15. Bc2 g6 16. Bh6 Bf6 17. Bxf8 Qxf8 18. a4 Bd7 19. Ne5 Be8 20. Nc4
Rc8 21. a5 Na7 22. Nb6 Rc7 23. Qf3 Bxd4 24. cxd4 Rxc2 25. Qxb7 Nb5 26. Qe4
Rd2 27. d5 Qc5 28. Qf4 Qd4 29. Qxd4 Nxd4 30. Rad1 Ne2+ 31. Kh2 Rxd1 32.
Rxd1 Nc3 33. Re1 Nb5 34. dxe6 fxe6 35. Rxe6 Kf7 36. Re5 Nd6 37. Nd5 Bc6 38.
Re7+ Kf8 39. Re6 Bxd5 40. Rxd6 Bc4 41. Rd7 1-0